00915nam a22001217a 4500008004100000040000900041245008100050260005000131300001800181505055400199650003200753700000800785230404b ||||| |||| 00| 0 eng d aCDMR aEn el AVE con humor 2 c/ [Coordinación del libro: Jaume Capdevila, "Kap"] a[León] : b[Gráficas Celarayn], cDL 2022 a105 pàgines aAl costat de KAP, s’han unit al projecte dibuixants dels principals mitjans, com Iñaki y Frenchy, Ant, Arranz, Micki y Duarte, Quel, JM Nieto, Espinosa, Jab, Don Julio, Ventura, Ermengol, José Orcajo, Pinto&Chinto, Lluïsot, Gallego&Rey, Judit Frigola, Malagón, Enrique, Bernal, Puebla, Raúl, Ana Belén Rivero, Salazar, López Rubiño, Idoia, DGV+ J. Aldeguer, Ricardo, Adela, Jordi March, Turcios, Helena Anillo, Raquel Gu, Maribel Carod, Tres, Pepe Farruqo, Javi Salado, Judas, Faro, Manel F, Nani, Kim, Alfredo, a més de Matias.  0aHumorisme gràficzEspanya0 aKap